000 00474nam a2200181Ia 4500
001 16001
005 20260306170237.0
008 260306t2022||||xx |||||||||||||| ||und||
041 _aESP
082 _a346.52
_bF41L
100 _aFernández Cruz, Gastón,
_eAUT
245 0 _aLimitación de responsabilidad, exoneración y liberación del deudor
260 _c2022
300 _a190 páginas :
_c24 cm.
650 _aGEN
654 _aCDE
942 _cLIB
_dJUS
_fJUS
_2ddc
_n
999 _c16001
_d16001